000 00754nam a2200289Ia 4500
005 20260324134739.0
008 008 260324s9999 xx 000 0 eng d
020 _a9781315046242
037 _aEBOOK
040 _aCRL
040 _beng
040 _cCRL
041 _2eng
041 _aeng
084 _qCRL
100 _aJill F. Russell; Richard B. Flynn
_91197993
245 0 _aCollaboration--across Campus, Across Town, and With K-12 Schools
245 2 _bA Special Issue of the peabody Journal of Education
260 _bTaylor and Francis
260 _c2001
365 _a
365 _b135
856 _uhttp://www.taylorfrancis.com/books/9781315046242
942 _cEBOOK
999 _c1798388
_d1798388